000 00597nam a22002057a 4500
999 _c3255
_d3255
003 OSt
005 20210727163413.0
008 160524b xxu||||| |||| 00| 0 eng d
020 _a72441437
040 _aMMU
_beng
_cMMU
_dMMU
050 _aZ 711 .K32 2002
100 _aKatz,William A.
245 _aIntroduction to reference work reference services and reference processes
_bVolume II
_cWilliam A. Katz
250 _a8th ed.
260 _aLondon :
_bMcGraw Hill,
_c2002.
300 _a221 p. :
500 _aIncludes Index
650 _aReference Work
942 _2lcc
_cLOAN LOAN
_e8th ed.